000 00394nam a2200157 4500
001 117659
003 ES-MaACL
005 20230906190939.0
007 t|
008 070214s1976 sp r ||||1| spa d
100 1 _aPerche, Louis.
_990412
245 1 0 _aColette /
_cLouis Perche.
260 _aParis :
_bSeghers,
_c1976.
300 _a132 p. ;
_c17 cm.
852 _aES-MaACL
_jA-6431
_bR.95395
999 _c117659
_d117659